Maladies nouvelles des animaux

Đã lưu trong:
Sonraí Bibleagrafaíochta
Formáid: Leabhar
Teanga:Undetermined
Foilsithe: Rome FAO 1964
Ábhair:
Clibeanna: Cuir Clib Leis
Gan Chlibeanna, Bí ar an gcéad duine leis an taifead seo a chlibeáil!
Thư viện lưu trữ: Trung tâm Học liệu Trường Đại học Cần Thơ
LEADER 00424nam a2200157Ia 4500
001 CTU_14007
008 210402s9999 xx 000 0 und d
082 |a 636.0896 
082 |b M236 
245 0 |a Maladies nouvelles des animaux 
260 |a Rome 
260 |b FAO 
260 |c 1964 
650 |a animals - diseases,veterinary pathology 
904 |i Minh, 961220 
980 |a Trung tâm Học liệu Trường Đại học Cần Thơ